[Event "BL2 Sued 1314 (Women)"]
[Site "Germany"]
[Date "2014.02.15"]
[Round "4.5"]
[White "Lorenz, Oda"]
[Black "Fey, Franziska"]
[Result "1-0"]
[WhiteElo "1872"]
[BlackElo "1973"]
[PlyCount "87"]
[EventDate "2013.11.30"]
[EventType "team-tourn"]
[EventRounds "7"]
[EventCountry "GER"]
[SourceTitle "EXT 2018"]
[Source "ChessBase"]
[SourceDate "2017.10.13"]
[SourceVersion "1"]
[SourceVersionDate "2017.10.13"]
[SourceQuality "1"]
[WhiteTeam "Augsburg (W)"]
[BlackTeam "Stuttgart Wolfbusch (W)"]
[WhiteTeamCountry "GER"]
[BlackTeamCountry "GER"]

1. e4 d5 2. exd5 Qxd5 3. Nc3 Qd6 4. Nf3 Nf6 5. Bb5+ c6 6. Be2 Bf5 7. d3 e5 8. 0-0 Be7 9. Ng5 0-0 10. Nge4 Qc7 11. Bg5 Nbd7 12. Nxf6+ Nxf6 13. Bxf6 Bxf6 14. Bg4 Bg6 15. Qf3 Rad8 16. Ne4 Bxe4 17. dxe4 Rd2 18. Qc3 Rfd8 19. Rad1 R2d4 20. Rxd4 exd4 21. Qd3 Be5 22. g3 Qe7 23. f4 Bc7 24. e5 g6 25. Be2 Bb6 26. Kg2 a6 27. h4 Ba7 28. h5 c5 29. hxg6 hxg6 30. Rh1 Kg7 31. g4 Rh8 32. Rxh8 Kxh8 33. Qh3+ Kg7 34. g5 b5 35. Bd3 c4 36. Qh6+ Kg8 37. Bxg6 fxg6 38. Qxg6+ Kf8 39. Qxa6 Qd7 40. Qf6+ Ke8 41. e6 Qb7+ 42. Kg3 Qh7 43. g6 Qe7 44. Qh8+ 1-0

[Event "BL 0910 (Women)"]
[Site "Germany"]
[Date "2010.02.20"]
[Round "6.6"]
[White "Schulz, Anja"]
[Black "Fey, Franziska"]
[Result "1-0"]
[WhiteElo "1996"]
[BlackElo "1995"]
[PlyCount "37"]
[EventDate "2009.11.07"]
[EventType "team-tourn"]
[EventRounds "11"]
[EventCountry "GER"]
[SourceTitle "CBM 133 Extra"]
[Source "ChessBase"]
[SourceDate "2010.01.05"]
[SourceVersion "1"]
[SourceVersionDate "2010.01.05"]
[SourceQuality "1"]
[WhiteTeam "Rodewisch (W)"]
[BlackTeam "Wolfbusch (W)"]
[WhiteTeamCountry "GER"]
[BlackTeamCountry "GER"]

1. e4 d5 2. exd5 Qxd5 3. Nc3 Qd6 4. d4 Nf6 5. Nf3 a6 6. g3 Nc6 7. Bf4 Qd8 8. Bg2 Bg4 9. 0-0 e6 10. h3 Bh5 11. g4 Bg6 12. Ne5 Nd5 13. Nxd5 exd5 14. Re1 Ne7 15. c4 c6 16. Qb3 dxc4 17. Qxb7 Rc8 18. Bxc6+ Rxc6 19. Nxc6 1-0

[Event "BL2 Gr02 0506 (Women)"]
[Site "Germany"]
[Date "2006.03.05"]
[Round "7.1"]
[White "Gempe, Anet"]
[Black "Fey, Franziska"]
[Result "1/2-1/2"]
[WhiteElo "1945"]
[BlackElo "1928"]
[PlyCount "38"]
[EventDate "2005.10.29"]
[EventType "team-tourn"]
[EventRounds "7"]
[EventCountry "GER"]
[SourceTitle "EXT 2007"]
[Source "ChessBase"]
[SourceDate "2006.11.23"]
[SourceVersion "1"]
[SourceVersionDate "2006.11.23"]
[SourceQuality "1"]
[WhiteTeam "Leipzig Lok Mitte"]
[BlackTeam "Karlsruhe II"]
[WhiteTeamCountry "GER"]
[BlackTeamCountry "GER"]

1. e4 d5 2. exd5 Qxd5 3. Nc3 Qd6 4. d4 Bf5 5. Nf3 Nf6 6. Bd3 Bxd3 7. Qxd3 e6 8. 0-0 Be7 9. Qb5+ Qc6 10. Bf4 Bd6 11. Ne5 Qxb5 12. Nxb5 0-0 13. Nd3 Bxf4 14. Nxf4 Nbd7 15. Nd3 a6 16. Na3 Rfd8 17. c3 Nd5 18. Rad1 Rac8 19. Rfe1 h6 1/2-1/2

[Event "Dresden ZMD op"]
[Site "Dresden"]
[Date "2005.07.27"]
[Round "5"]
[White "Moeller, Hendrik"]
[Black "Fey, Franziska"]
[Result "1-0"]
[WhiteElo "2151"]
[BlackElo "2037"]
[PlyCount "53"]
[EventDate "2005.07.23"]
[EventType "swiss"]
[EventRounds "9"]
[EventCountry "GER"]
[SourceTitle "EXT 2006"]
[Source "ChessBase"]
[SourceDate "2005.11.24"]
[SourceVersion "1"]
[SourceVersionDate "2005.11.24"]
[SourceQuality "1"]

1. e4 d5 2. exd5 Qxd5 3. Nc3 Qd6 4. d4 Nf6 5. Nf3 Bg4 6. h3 Bh5 7. g4 Bg6 8. Ne5 a6 9. Bf4 Qb4 10. Nxg6 hxg6 11. Qd2 Nc6 12. Bxc7 Qxd4 13. Qxd4 Nxd4 14. 0-0-0 Ne6 15. Bg3 Nxg4 16. Bg2 Nf6 17. Bh2 Nd8 18. Na4 Nd7 19. Rxd7 Kxd7 20. Nb6+ Ke8 21. Nxa8 e6 22. Rd1 Bc5 23. Bc7 Ke7 24. Nb6 Nc6 25. Rd7+ Kf6 26. Rd2 Rh5 27. Nd7+ 1-0

[Event "BL 0304 (Women)"]
[Site "Germany"]
[Date "2004.02.28"]
[Round "6.6"]
[White "Fey, Franziska"]
[Black "Scheynin, Julia"]
[Result "1-0"]
[WhiteElo "2041"]
[BlackElo "2072"]
[PlyCount "79"]
[EventDate "2003.11.29"]
[EventType "team-tourn"]
[EventRounds "11"]
[EventCountry "GER"]
[SourceTitle "EXT 2005"]
[Source "ChessBase"]
[SourceDate "2004.11.15"]
[SourceVersion "1"]
[SourceVersionDate "2004.11.15"]
[SourceQuality "1"]
[WhiteTeam "Rodewisch"]
[BlackTeam "Karlsruhe"]
[WhiteTeamCountry "GER"]
[BlackTeamCountry "GER"]

1. d4 d5 2. c4 e6 3. Nc3 Nf6 4. Bg5 Be7 5. Nf3 0-0 6. e3 h6 7. Bh4 b6 8. Be2 Bb7 9. Bxf6 Bxf6 10. cxd5 exd5 11. b4 c6 12. 0-0 Qe7 13. Qb3 Rd8 14. Rac1 b5 15. a4 a6 16. Bd3 Qf8 17. Rfd1 Be7 18. Na2 Nd7 19. e4 Nb6 20. exd5 bxa4 21. Qb2 Nxd5 22. Ne5 Rac8 23. Bc4 Bd6 24. Nd3 Nb6 25. Nc5 Nxc4 26. Rxc4 Rb8 27. Qc2 Bxc5 28. bxc5 Bc8 29. Rxa4 Be6 30. Ra3 a5 31. h3 a4 32. Nc1 Bd5 33. Rxa4 Qe7 34. Ra3 Rb4 35. Re3 Qf6 36. Ne2 Rdb8 37. Qd2 Rb2 38. Qe1 Qf5 39. Nc3 Bc4 40. Rd2 1-0

[Event "BL 0304 (Women)"]
[Site "Germany"]
[Date "2003.11.29"]
[Round "3.6"]
[White "Seils, Gudula"]
[Black "Fey, Franziska"]
[Result "1/2-1/2"]
[WhiteElo "2064"]
[BlackElo "2041"]
[PlyCount "53"]
[EventDate "2003.11.29"]
[EventType "team-tourn"]
[EventRounds "11"]
[EventCountry "GER"]
[SourceTitle "EXT 2005"]
[Source "ChessBase"]
[SourceDate "2004.11.15"]
[SourceVersion "1"]
[SourceVersionDate "2004.11.15"]
[SourceQuality "1"]
[WhiteTeam "Berlin Rotation"]
[BlackTeam "Rodewisch"]
[WhiteTeamCountry "GER"]
[BlackTeamCountry "GER"]

1. c4 Nf6 2. Nc3 g6 3. g3 Bg7 4. Bg2 0-0 5. d4 d6 6. Nf3 Nbd7 7. 0-0 e5 8. e4 c6 9. h3 Re8 10. Be3 Nf8 11. dxe5 dxe5 12. Qxd8 Rxd8 13. Nxe5 Nxe4 14. Nxc6 bxc6 15. Nxe4 Bxb2 16. Rab1 Be5 17. Bg5 Rd4 18. Bf6 Nd7 19. Bxe5 Nxe5 20. Nf6+ Kh8 21. Rfe1 Bf5 22. Rb7 Nd7 23. Nxd7 Bxd7 24. Rc7 Rd8 25. Rxa7 Be6 26. c5 Rc4 27. Bxc6 1/2-1/2

[Event "EU-chT U18 Girls 4th"]
[Site "Balatonlelle"]
[Date "2003.07.26"]
[Round "7"]
[White "Milovic, Aleksandra"]
[Black "Fey, Franziska"]
[Result "1/2-1/2"]
[WhiteElo "2089"]
[BlackElo "2041"]
[PlyCount "141"]
[EventDate "2003.07.19"]
[EventType "team-swiss"]
[EventRounds "7"]
[EventCountry "HUN"]
[SourceTitle "EXT 2020"]
[Source "ChessBase"]
[SourceDate "2019.10.17"]
[SourceVersion "1"]
[SourceVersionDate "2019.10.17"]
[SourceQuality "1"]
[WhiteTeam "Yugoslavia U18 (W)"]
[BlackTeam "Germany U18 (W)"]
[WhiteTeamCountry "YUG"]
[BlackTeamCountry "GER"]

1. e4 c5 2. Nf3 Nc6 3. d4 cxd4 4. Nxd4 g6 5. c4 Bg7 6. Be3 Nf6 7. Nc3 Ng4 8. Qxg4 Nxd4 9. Qd1 Ne6 10. Qd2 Qa5 11. Rc1 d6 12. b3 g5 13. g3 Bd7 14. Bg2 Bc6 15. 0-0 g4 16. Rfd1 Rc8 17. Rc2 h5 18. Nd5 Qxd2 19. Rcxd2 b6 20. f4 gxf3 21. Bxf3 Be5 22. Rg2 f6 23. h4 Kf7 24. Kf2 Rcg8 25. Nf4 Ng7 26. Nd3 Bd7 27. c5 bxc5 28. Nxc5 Bb5 29. Nd3 Rc8 30. a4 Bxd3 31. Rxd3 a6 32. Rg1 Rc2+ 33. Bd2 Ne6 34. Rc1 Rxc1 35. Bxc1 Nc5 36. Rd1 Nxb3 37. Be3 Kg6 38. Rb1 Na5 39. Be2 Rc8 40. Bxa6 Rc2+ 41. Kf3 Rc3 42. Ke2 Nc4 43. Bf4 Bxf4 44. gxf4 Re3+ 45. Kf2 Rxe4 46. Rb4 d5 47. Bxc4 dxc4 48. Kf3 Kf5 49. Rb5+ e5 50. fxe5 Rxe5 51. Rb4 c3 52. Rf4+ Kg6 53. Rc4 Ra5 54. Ke3 f5 55. Kd3 Kf6 56. Kxc3 Ke5 57. Kb4 Ra8 58. a5 f4 59. Rc5+ Ke4 60. Rxh5 f3 61. Rh7 Rf8 62. Re7+ Kd3 63. Re1 f2 64. Rf1 Ke2 65. Rxf2+ Kxf2 66. a6 Kg3 67. Kb5 Kxh4 68. Kb6 Rf1 69. a7 Rb1+ 70. Kc7 Ra1 71. Kb7 1/2-1/2

[Event "EU-chT U18 Girls 4th"]
[Site "Balatonlelle"]
[Date "2003.07.21"]
[Round "3"]
[White "Congiu, Mathilde"]
[Black "Fey, Franziska"]
[Result "1-0"]
[WhiteElo "1905"]
[BlackElo "2041"]
[PlyCount "67"]
[EventDate "2003.07.19"]
[EventType "team-swiss"]
[EventRounds "7"]
[EventCountry "HUN"]
[SourceTitle "EXT 2020"]
[Source "ChessBase"]
[SourceDate "2019.10.17"]
[SourceVersion "1"]
[SourceVersionDate "2019.10.17"]
[SourceQuality "1"]
[WhiteTeam "France U18 (W) II"]
[BlackTeam "Germany U18 (W)"]
[WhiteTeamCountry "FRA"]
[BlackTeamCountry "GER"]

1. e4 d5 2. exd5 Qxd5 3. Nc3 Qd6 4. Be2 Nf6 5. d4 c6 6. Be3 Bf5 7. h3 Nbd7 8. Nf3 e6 9. Qd2 Qc7 10. 0-0 Bd6 11. Bd3 Bxd3 12. Qxd3 0-0 13. Ne4 Nxe4 14. Qxe4 Nf6 15. Qd3 Rfd8 16. c3 c5 17. Qc2 c4 18. Rfe1 h6 19. Rad1 Nd5 20. Qe4 b5 21. Bd2 Nf6 22. Qh4 Nd7 23. Qg4 Kh8 24. Qh5 Nf6 25. Qh4 Kg8 26. Bxh6 gxh6 27. Qxf6 Kh7 28. Ne5 Rd7 29. Nxd7 Qxd7 30. Re3 Rg8 31. Rf3 Rg7 32. d5 exd5 33. Qf5+ Qxf5 34. Rxf5 1-0

[Event "BL 0203 (Women)"]
[Site "Germany"]
[Date "2003.03.16"]
[Round "11.5"]
[White "Fey, Franziska"]
[Black "Heyme, Sibylle"]
[Result "1/2-1/2"]
[WhiteElo "2036"]
[BlackElo "2116"]
[PlyCount "63"]
[EventDate "2002.10.12"]
[EventType "team-tourn"]
[EventRounds "11"]
[EventCountry "GER"]
[SourceTitle "EXT 2004"]
[Source "ChessBase"]
[SourceDate "2003.11.25"]
[SourceVersion "1"]
[SourceVersionDate "2003.11.25"]
[SourceQuality "1"]
[WhiteTeam "Rodewisch (W)"]
[BlackTeam "Berlin Rotation (W)"]
[WhiteTeamCountry "GER"]
[BlackTeamCountry "GER"]

1. c4 Nf6 2. Nc3 e5 3. g3 d5 4. cxd5 Nxd5 5. Bg2 Be6 6. Nf3 Nc6 7. 0-0 Be7 8. d4 Nxc3 9. bxc3 exd4 10. cxd4 0-0 11. Bb2 Bf6 12. Qc2 Nb4 13. Qd2 c5 14. a3 Nc6 15. e3 Qb6 16. Bc3 Rfd8 17. Rab1 Qc7 18. Qb2 cxd4 19. Nxd4 Nxd4 20. Bxd4 Bxd4 21. exd4 Rab8 22. Rbc1 Qd6 23. Rfd1 Bd5 24. Bxd5 Qxd5 25. Rc7 h5 26. Rb1 Qxd4 27. Rxb7 Rxb7 28. Qxb7 Rd7 29. Qc8+ Rd8 30. Qf5 g6 31. Qb5 h4 32. Qf1 1/2-1/2

[Event "BL 0203 (Women)"]
[Site "Germany"]
[Date "2002.11.29"]
[Round "5.5"]
[White "Jahn, Constanze"]
[Black "Fey, Franziska"]
[Result "0-1"]
[WhiteElo "2228"]
[BlackElo "2036"]
[PlyCount "76"]
[EventDate "2002.10.12"]
[EventType "team-tourn"]
[EventRounds "11"]
[EventCountry "GER"]
[SourceTitle "EXT 2004"]
[Source "ChessBase"]
[SourceDate "2003.11.25"]
[SourceVersion "1"]
[SourceVersionDate "2003.11.25"]
[SourceQuality "1"]
[WhiteTeam "Halle (W)"]
[BlackTeam "Rodewisch (W)"]
[WhiteTeamCountry "GER"]
[BlackTeamCountry "GER"]

1. e4 d5 2. exd5 Qxd5 3. Nc3 Qd6 4. d4 Nf6 5. Nb5 Qd8 6. c4 a6 7. Nc3 Bf5 8. Nge2 e6 9. Ng3 Bg6 10. Be2 Nc6 11. Be3 Nb4 12. Rc1 c5 13. 0-0 cxd4 14. Bxd4 Be7 15. a3 Nc6 16. Be3 0-0 17. f4 Nd7 18. Nce4 Nf6 19. Bf3 Rc8 20. Kh1 Qc7 21. Qe2 Rfd8 22. Qf2 Rd3 23. Nxf6+ Bxf6 24. Ne4 Bxb2 25. Bb6 Qxf4 26. Qxb2 Bxe4 27. Qe2 f5 28. Rcd1 Ne5 29. Bh5 Qg5 30. Rxd3 Nxd3 31. Bf3 Qh4 32. Kg1 Rxc4 33. g3 Qe7 34. Bxe4 fxe4 35. Qe3 Qxa3 36. Qg5 Qd6 37. Bd8 Qc5+ 38. Qxc5 Rxc5 0-1

[Event "GER-ch U18 Girls"]
[Site "Winterberg"]
[Date "2002.05.24"]
[Round "8"]
[White "Handrick Morgenstern, Petra"]
[Black "Fey, Franziska"]
[Result "1-0"]
[WhiteElo "1713"]
[BlackElo "2027"]
[PlyCount "135"]
[EventDate "2002.05.19"]
[EventType "swiss"]
[EventRounds "8"]
[EventCountry "GER"]
[SourceTitle "CBM 088 Extra"]
[Source "ChessBase"]
[SourceDate "2002.07.01"]
[SourceVersion "2"]
[SourceVersionDate "2002.07.01"]
[SourceQuality "1"]

1. e4 c5 2. Nc3 Nc6 3. d3 g6 4. Be3 d6 5. d4 cxd4 6. Bxd4 Nxd4 7. Qxd4 Nf6 8. e5 dxe5 9. Bb5+ Bd7 10. Qxe5 a6 11. Bxd7+ Qxd7 12. Rd1 Qf5 13. Qxf5 gxf5 14. Nf3 Bg7 15. 0-0 0-0 16. Rfe1 e6 17. Ne2 Rfd8 18. c3 Nd5 19. Ned4 Rac8 20. Ne5 Kf8 21. Rd3 Nf4 22. Rdd1 Rd5 23. Nef3 Rcd8 24. g3 Ng6 25. Rc1 Bh6 26. Rc2 Kg7 27. Kf1 Kf6 28. Ke2 R5d6 29. Nb3 b6 30. Nbd2 Ne5 31. Nf1 Nd3 32. Rb1 e5 33. Ne3 Ke6 34. Nc4 Rc6 35. Ne3 f4 36. Ng4 Bg7 37. h4 Kf5 38. Ngh2 e4 39. g4+ Kf6 40. Ng5 f3+ 41. Ke3 Nc5 42. Nxe4+ Nxe4 43. Kxe4 Rc4+ 44. Kxf3 Rd3+ 45. Kg2 h5 46. f3 Ke5 47. Re1+ Kd6 48. Rce2 hxg4 49. fxg4 f5 50. gxf5 Rxh4 51. Re3 Rd5 52. Kg3 Rh8 53. f6 Bf8 54. Re6+ Kc5 55. Nf3 Rg8+ 56. Kf2 Bd6 57. Ne5 Bxe5 58. R1xe5 Rxe5 59. Rxe5+ Kd6 60. Rf5 Rf8 61. Ke3 Ke6 62. Rf2 Ke5 63. f7 b5 64. b3 Kd5 65. Rf5+ Kc6 66. Kd4 Kd6 67. Rf6+ Kc7 68. Rxa6 1-0

[Event "GER-ch U18 Girls"]
[Site "Winterberg"]
[Date "2002.05.20"]
[Round "3"]
[White "Fey, Franziska"]
[Black "Haecker, Sonja"]
[Result "0-1"]
[WhiteElo "2027"]
[BlackElo "2015"]
[PlyCount "90"]
[EventDate "2002.05.19"]
[EventType "swiss"]
[EventRounds "8"]
[EventCountry "GER"]
[SourceTitle "CBM 088 Extra"]
[Source "ChessBase"]
[SourceDate "2002.07.01"]
[SourceVersion "2"]
[SourceVersionDate "2002.07.01"]
[SourceQuality "1"]

1. c4 e6 2. d4 d5 3. Nc3 Nf6 4. Bg5 c6 5. Nf3 Nbd7 6. e3 Qa5 7. Nd2 Bb4 8. Qc2 0-0 9. Be2 e5 10. dxe5 Ne4 11. Ndxe4 dxe4 12. 0-0 Bxc3 13. bxc3 Qxe5 14. Bf4 Qe6 15. Rad1 Nf6 16. Rd2 b6 17. Rd6 Qe8 18. Rfd1 Bf5 19. h3 c5 20. Bg5 Qe5 21. Bxf6 gxf6 22. R1d5 Qe7 23. Rxf5 Qxd6 24. Qxe4 Qe6 25. Qf4 Rfe8 26. Bd3 Rad8 27. Rxf6 Qe5 28. Bxh7+ Kxh7 29. Rxf7+ Kg8 30. Rf8+ Kh7 31. Rf7+ Kg6 32. Qf3 Rd1+ 33. Qxd1 Kxf7 34. Qf3+ Qf6 35. Qb7+ Re7 36. Qd5+ Kg7 37. Qd3 Rf7 38. f3 Qe6 39. e4 Rd7 40. Qe2 Qd6 41. Qe3 Qg3 42. Qe2 Qf4 43. Qe1 Rd3 44. Kf1 Rd2 45. a4 Rc2 0-1

[Event "Leutersdorf Muench Braeu op 07th"]
[Site "Leutersdorf"]
[Date "2002.02.15"]
[Round "7"]
[White "Shahin, Walid"]
[Black "Fey, Franziska"]
[Result "1/2-1/2"]
[WhiteElo "1629"]
[BlackElo "2025"]
[PlyCount "61"]
[EventDate "2002.02.11"]
[EventType "swiss"]
[EventRounds "9"]
[EventCountry "GER"]
[SourceTitle "CBM 086 Extra"]
[Source "ChessBase"]
[SourceDate "2002.03.14"]
[SourceVersion "1"]
[SourceVersionDate "2002.03.14"]
[SourceQuality "1"]

1. d4 Nf6 2. c4 g6 3. Nc3 Bg7 4. e4 d6 5. Be2 0-0 6. Nf3 e5 7. Bg5 h6 8. Bxf6 Qxf6 9. Nd5 Qd8 10. dxe5 dxe5 11. 0-0 c6 12. Nc3 Qe7 13. Qc2 Nd7 14. Rad1 Nc5 15. b4 Ne6 16. c5 Nd4 17. Nxd4 exd4 18. Na4 Re8 19. Bd3 Be6 20. f4 Rad8 21. Rde1 Qc7 22. Qf2 b5 23. cxb6 axb6 24. f5 Bc8 25. Nb2 Be5 26. Qh4 Kh7 27. Nc4 Rd7 28. Kh1 Rde7 29. Rf3 Be6 30. Rh3 Bf4 31. Rf1 1/2-1/2

[Event "Leutersdorf Muench Braeu op 07th"]
[Site "Leutersdorf"]
[Date "2002.02.13"]
[Round "3"]
[White "Vogt, Lothar"]
[Black "Fey, Franziska"]
[Result "1-0"]
[WhiteElo "2456"]
[BlackElo "2025"]
[PlyCount "61"]
[EventDate "2002.02.11"]
[EventType "swiss"]
[EventRounds "9"]
[EventCountry "GER"]
[SourceTitle "CBM 086 Extra"]
[Source "ChessBase"]
[SourceDate "2002.03.14"]
[SourceVersion "1"]
[SourceVersionDate "2002.03.14"]
[SourceQuality "1"]

1. e4 c5 2. Nf3 Nc6 3. Bb5 g6 4. Bxc6 dxc6 5. d3 Bg7 6. Nc3 Nf6 7. h3 0-0 8. 0-0 h6 9. Be3 b6 10. Qd2 Kh7 11. Nh2 Ne8 12. f4 Bd4 13. Kh1 Ng7 14. f5 g5 15. Rf3 Bxe3 16. Qxe3 f6 17. h4 Rh8 18. Raf1 Nh5 19. Ne2 Ba6 20. Rh3 Kg8 21. Ng4 Kf7 22. e5 Qd5 23. c4 Qd8 24. Nxh6+ Rxh6 25. hxg5 fxg5 26. Qxg5 Qh8 27. e6+ Kf8 28. Nf4 Ng3+ 29. Qxg3 Rxh3+ 30. gxh3 Qxb2 31. Rg1 1-0